000 02119nam a2200553 a 4500
999 _c23965
_d23965
001 nkc20132447125
005 20251024075357.0
007 ta
008 130315s2012 xr a e f 000 0 cze
020 _a9788087335406
_q(brož.)
035 _a(OCoLC)842345321
040 _aOLA001
_bcze
_dABA001
_csk
041 1 _acze
_heng
072 7 _a331
_xPráce
_2Konspekt
080 _a331.548
_2MRF
080 _a331.54
_2MRF
080 _a159.923.5
_2MRF
080 _a005.966
_2MRF
080 _a373.3
_2MRF
080 _a373.5/.6+377.1/.3
_2MRF
080 _a(4)
_2MRF
080 _a(072)
_2MRF
080 _a(048.8)
_2MRF
245 0 0 _aPrůvodce kariérou pro školy :
_bzpráva o efektivním kariérovém poradenství /
_c[editor Nora Gikopoulou ; překlad Monika Mrňávková, Filip Pýcha, Silvie Pýchová]
246 3 0 _aZpráva o efektivním kariérovém poradenství
260 _aPraha :
_bDům zahraničních služeb pro Centrum Euroguidance,
_c2012
300 _a195 s. :
_bil. (převážně barev.) ;
_c25 cm
500 _aPřeloženo z angličtiny
650 0 7 _aprofesní poradenství
_zEvropa
_2czenas
_95054
650 0 7 _avolba povolání
_2czenas
_95055
650 0 7 _arozvoj osobnosti
_2czenas
_91641
650 0 7 _arozvoj kariéry
_2czenas
_95056
650 0 7 _azákladní školy
_2czenas
_95057
650 0 7 _astřední školy
_2czenas
_95058
650 0 9 _avocational counseling
_zEurope
_2eczenas
_95059
650 0 9 _avocational guidance
_2eczenas
_95060
650 0 9 _apersonality development
_2eczenas
_91644
650 0 9 _acareer development
_2eczenas
_95061
650 0 9 _aelementary schools
_2eczenas
_95062
650 0 9 _asecondary schools
_2eczenas
_95063
655 7 _ametodické příručky
_2czenas
_93074
655 7 _asrovnávací studie
_2czenas
_95064
655 9 _amethodological manuals
_2eczenas
_94813
655 9 _acomparative studies
_2eczenas
_95065
700 1 _aGikopoulou, Nora
_4edt
_95066
710 2 _aEuroguidance (síť informačních center)
_95067
765 0 _tCareer guide for schools. Report on effective career guidance
765 1 _tReport on effective career guidance